[Event "CIF FT email"]
[Site "CServe email"]
[Date "1989.??.??"]
[Round "?"]
[White "Spirakopoulos, J."]
[Black "Papakosmas, Lambros"]
[Result "0-1"]
[WhiteElo "1865"]
[BlackElo "1840"]
[PlyCount "22"]
[EventDate "1989.??.??"]
[EventType "tourn (corr)"]
[EventRounds "10"]
[SourceTitle "E-Mail 2000"]
[Source "ChessBase"]
[SourceDate "2000.04.19"]
[SourceVersion "1"]
[SourceVersionDate "2000.04.19"]
[SourceQuality "1"]

1. d4 d5 2. c4 e6 3. Nc3 Nf6 4. Nf3 Be7 5. Bf4 0-0 6. e3 c5 7. dxc5 Bxc5 8. Qc2 Nc6 9. Rd1 Qa5 10. a3 Be7 11. Be2 Ne4 0-1